LEADER 00846nam0-22003011i-450- 001 990006798000403321 005 20001010 035 $a000679800 035 $aFED01000679800 035 $a(Aleph)000679800FED01 035 $a000679800 100 $a20001010d--------km-y0itay50------ba 101 0 $aita 105 $ay-------001yy 200 1 $aPredictive inference$ean introduction$fSeymour Geisser 210 $aNew York-London$cChapman & Hall$d1993. 215 $aXII, 264 p.$d21 cm 225 1 $aMonographs on statistics and applied probability$v55 676 $a519.2 700 1$aGeisser,$bSeymour$0102951 801 0$aIT$bUNINA$gRICA$2UNIMARC 901 $aBK 912 $a990006798000403321 952 $aVI E 317 (55)$b23263$fFSPBC 959 $aFSPBC 996 $aPredictive Inference$9438739 997 $aUNINA DB $aGEN01 LEADER 01374nam--2200385---450- 001 990003639530203316 005 20120315151553.0 010 $a978-88-7524-191-9 035 $a000363953 035 $aUSA01000363953 035 $a(ALEPH)000363953USA01 035 $a000363953 100 $a20120315d2011----km-y0itay50------ba 101 $aita 102 $aIT 105 $ay|||||||001yy 200 1 $a<> modello di organizzazione, gestione e controllo ex D.Lgs. 231/2001$euno scudo processuale per le società e gli enti$fGianfranco Lancellotti, Francesco Lancellotti 210 $aTorino$cGiappichelli$d2011 215 $aVI, 427 p.$d24 cm 225 2 $aDiritto e professione$v11 410 0$12001$aDiritto e professione$v, 11 606 0 $aPiccole e medie imprese [e] Società non quotate in borsa$xControllo$xLegislazione$2BNCF 676 $a346.45066$v22 700 1$aLANCELLOTTI,$bGianfranco$0426818 701 1$aLANCELLOTTI,$bFrancesco$0611856 801 0$aIT$bsalbc$gISBD 912 $a990003639530203316 951 $aXXV.3.E.681$b70689 G.$cXXV.3.E.$d00308422 959 $aBK 969 $aGIU 979 $aCHIARA$b90$c20120315$lUSA01$h1514 979 $aCHIARA$b90$c20120315$lUSA01$h1514 979 $aCHIARA$b90$c20120315$lUSA01$h1515 996 $aModello di organizzazione, gestione e controllo ex D.Lgs. 231$91137678 997 $aUNISA LEADER 01276nam--2200409---450- 001 990000523170203316 005 20050713090157.0 010 $a0-14-043007-5 035 $a0052317 035 $aUSA010052317 035 $a(ALEPH)000052317USA01 035 $a0052317 100 $a20010625d1985----km-y0itay0103----ba 101 $aeng 102 $aGB 105 $a||||||||001yy 200 1 $a<> life and adventures of Robinson Crusoe$fDaniel Defoe$gedited with an introduction by Angus Ross 210 $aLondon$cPenguin books$d1985 215 $a319 p.$d18 cm 225 2 $aPenguin classics 410 $12001$aPenguin classics 676 $a823.5 700 1$aDEFOE,$bDaniel$069634 702 1$aROSS,$bAngus 801 0$aIT$bsalbc$gISBD 912 $a990000523170203316 951 $aVII.3.A. 1485(II i A 981)$b114794 LM$cII i A 951 $aVII.3.A. 1485b(II i A 981 BIS)$b114795 LM$cII i A 951 $aVII.3.A. 1485a(II i A 981 A)$b114796 LM$cII i A 959 $aBK 969 $aUMA 979 $aPATTY$b90$c20010625$lUSA01$h1518 979 $c20020403$lUSA01$h1701 979 $aPATRY$b90$c20040406$lUSA01$h1636 979 $aCOPAT3$b90$c20050713$lUSA01$h0901 996 $aLife and adventures of Robinson Crusoe$9214303 997 $aUNISA